Vývoj a možnosti riešenia krízy v Európe

Zmluva o stabilite zaväzuje krajiny EÚ k dodržiavaniu rozpočtových pravidiel. Ide o dve súčasti dočasných opatrení EFSF /European Financial Stability Facility/, EFSM /European Financial Stabilization Mechanizm/ a ESM /European Stabilization Mechanizm/.

Salvato in:
Dettagli Bibliografici
Autore principale: Stoličná, Zuzana
Natura: Capitolo di libro
Lingua:slovacco
Soggetti:
Tags: Aggiungi Tag
Nessun Tag, puoi essere il primo ad aggiungerne!!

MARC

LEADER 00000nla a2200000 4500
001 0165058
005 20221103131505.6
041 0 |a slo 
041 0 |a slo 
044 |a SK 
245 1 0 |a Vývoj a možnosti riešenia krízy v Európe  |c Zuzana Stoličná 
520 |a Zmluva o stabilite zaväzuje krajiny EÚ k dodržiavaniu rozpočtových pravidiel. Ide o dve súčasti dočasných opatrení EFSF /European Financial Stability Facility/, EFSM /European Financial Stabilization Mechanizm/ a ESM /European Stabilization Mechanizm/. 
610 2 0 |a Európa 
610 2 0 |a Európska únia 
610 2 0 |a kohézia 
610 2 0 |a stabilita hospodárstva 
610 2 0 |a pravidlá rozpočtové 
610 2 0 |a spolupráca medzinárodná 
100 1 |a Stoličná, Zuzana